000 00952nmm a2200349 a 4500
003 AR-BaBNM
005 20251128210153.0
008 189019s1998 ||||||||||||||000 | spa||
020 _a987-9028-11-2
040 _cAR-BaBNM
100 1 _aKornblit, Ana Lía
245 1 0 _aGays y lesbianas
_bformación de la identidad y derechos humanos
260 _aBuenos Aires
_bLa Colmena
_c1998
300 0 _a179 p.
500 0 _aContiene referencias bibliográficas en p. 173
650 4 _aSOCIOLOGIA CULTURAL
650 4 _aCOMPORTAMIENTO SEXUAL
650 4 _aHOMOSEXUALIDAD
650 4 _aHISTORIA SOCIAL
650 4 _aSEXUALIDAD
650 4 _aVALORES MORALES
650 4 _aMEDIO FAMILIAR
650 4 _aVALORES SOCIALES
650 4 _aDISCRIMINACION SEXUAL
650 4 _aMINORIAS
650 4 _aDERECHOS HUMANOS
650 4 _aLEGISLACION
700 1 _aPecheny, Mario
700 1 _aVujosevich, Jorge
942 _cBK
998 _cMARTIN
999 _c14362
_d14362